000 00702nam a2200229Ii 4500
003 JO-AjNU
008 230605s9999||||xx |||||||||||||| ||und||
017 _a2009/7/3070
020 _a978-9957-07-708-2
040 _aJO-AjNU
_bara
_erda
_cJO-AjNU
041 _aara
050 1 4 _aD208.A4422 2010
100 3 _aعلي، اكرم عبد,
_eauthor
_960204
245 0 0 _aتاريخ اوروبا الحديث
250 _aط1
264 3 1 _aعمان: دار الفكر ناشرون وموزعون، 2010
300 _a222ص
336 _atext
_btxt
_2rdacontent
337 _aunmediated
_bn
_2rdamedia
338 _avolume
_bnc
_2rdacarrier
650 4 _aتاريخ اوروبا الحديث
_960205
999 _aA27135
_c30703
_d30703